[Event "BL 2016-17"]
[Site "St. Veit/Glan"]
[Date "2017.03.26"]
[Round "8"]
[White "Rotstein, Arkadij"]
[Black "Heimberger, Reinhard"]
[Result "1/2-1/2"]
[WhiteElo "2502"]
[BlackElo "2285"]
[Annotator "TA"]
[PlyCount "83"]
[EventDate "2017.??.??"]
[EventType "team-tourn"]
[EventCountry "AUT"]
[SourceTitle "playchess.com"]
[Source "ChessBase"]
[SourceQuality "1"]
[WhiteTeam "Absam"]
[BlackTeam "St. Valentin"]

{[%evp 17,83,45,52,47,52,45,52,46,56,37,48,0,12,5,18,16,72,28,50,17,12,6,12,25,109,116,136,63,86,74,143,112,135,120,85,61,107,85,104,111,103,108,204,185,420,420,756,705,686,384,506,564,450,0,0,-75,-58,-58,-45,0,0,0,0,0,0,0,0,0]} 1. c4 c5 2. Nf3 d6 3. d4 cxd4 4. Nxd4 Nf6 5. Nc3 g6 6. e4 Bg7 7. Be2 O-O 8. Be3 Nc6 9. f3 a6 {LiveBook: 9 Games. B38: Sicilian: Maroczy Bind with 5...Bg7 and 7...0-0} (9... Nxd4 10. Bxd4 Be6 11. O-O Qa5 12. Rc1 Rfc8 13. b3 a6 14. f4 b5 15. f5 Bd7 16. Bxf6 Bxf6 17. Nd5 Bg5 18. Rc3 e6 19. Rg3 Bh4 20. Rg4 {1-0 (30) Efimenko,Z (2651)-Korobov,A (2692) Rivne 2016}) 10. Rc1 Nh5 $146 (10... Nxd4 11. Bxd4 Be6 12. b3 Qa5 13. Qd2 Rfc8 14. Nd5 Qxd2+ 15. Kxd2 Bxd5 16. exd5 Bh6+ {1-0 (49) Pelizzola,D (2097)-Brociner,B (2068) Milan 2013}) 11. Nxc6 bxc6 {White is slightly better.} 12. O-O Nf6 13. c5 d5 14. e5 Ne8 15. f4 Nc7 16. Na4 Bf5 (16... Rb8 $11) 17. Nb6 Ra7 18. Qa4 Qe8 $1 19. Bf3 h5 20. h3 {[%cal Bh2h3,Bh3g4][%mdl 32]} Ne6 (20... f6 $11) 21. g4 $36 {[%mdl 2048] White is in control.} Bd3 22. Rfd1 (22. gxh5 $6 Bxf1 23. Rxf1 Bh6 $11) (22. Rf2 $16) 22... Bb5 $1 $14 {[%cal Rb5a4]} 23. Qc2 {Black must now prevent a4.} hxg4 (23... f6 $142) 24. hxg4 $16 {Threatens to win with a4.} (24. Bxg4 f5 25. Bf3 g5 $11) 24... a5 25. a4 Ba6 26. Qd2 f6 27. exf6 (27. Qxa5 $2 fxe5 28. Nxd5 exf4 $19) 27... Rxf6 {[#]} 28. Nxd5 $1 {[%mdl 512]} cxd5 29. Bxd5 (29. Qxd5 $6 Kf8 $11) 29... Bc8 (29... Qxa4 $2 30. c6 Rc7 31. g5 $18) (29... Rd7 $16 {was worth a try.}) 30. c6 $18 {[%cal Bc5c6,Bc6c7][%mdl 32]} Ra8 $2 (30... Ra6 31. Bd4 Rf7 32. Bxg7 Nxg7 33. Bxf7+ Kxf7) 31. Qc2 Kf8 (31... Rf8 $142 32. f5 gxf5) 32. c7 Ra6 33. Bxe6 Rfxe6 34. Rd8 Rxe3 35. Qd2 $2 (35. Rxe8+ Kxe8 36. Rd1 Rae6 37. Rd8+ Kf7 $18) (35. Rcd1 $18 Rd6 36. Rxe8+ Kxe8 37. Rxd6 exd6 38. Qxg6+ Kf8 39. Qxd6+ Re7 40. g5) 35... Rd6 $1 $11 {[%cal Rd6d2]} ({Don't capture} 35... Rg3+ $2 36. Kh2 Rd6 37. Qxd6 (37. Rxe8+ Kxe8 38. Qxa5 Rxg4 $15) (37. Qxa5 Rxg4 38. Rxe8+ Kxe8 $15) (37. Rxd6 exd6 38. Kxg3 Qe6 $11) 37... exd6 38. Re1 $18 (38. Kxg3 Bf6 39. Rxe8+ Kxe8 $11) (38. Rxe8+ Kxe8 39. Kxg3 Bxb2 $11)) 36. Rxe8+ (36. Qxa5 $11 {keeps the balance.} Rg3+ 37. Kf2) 36... Kxe8 $17 37. Qxa5 (37. Qxe3 $2 {too greedy.} Bd4 38. Kf2 Bxe3+ 39. Kxe3 Kd7 $19) 37... Rg3+ 38. Kh2 Rdd3 {The position is equal.} 39. Qa8 Rh3+ 40. Kg2 Rhg3+ 41. Kf1 Kf7 $1 42. Qxc8 1/2-1/2

[Event "BL 2016-17"]
[Site "Germany"]
[Date "2017.02.19"]
[Round "8"]
[White "Bezold, Michael"]
[Black "McShane, Luke J"]
[Result "0-1"]
[WhiteElo "2501"]
[BlackElo "2644"]
[Annotator "TA"]
[PlyCount "72"]
[EventDate "2017.??.??"]
[EventType "team-tourn"]
[EventCountry "GER"]
[SourceTitle "playchess.com"]
[Source "ChessBase"]
[SourceQuality "1"]
[WhiteTeam "Bayern München"]
[BlackTeam "Werder Bremen"]

{[%evp 12,72,34,10,18,11,25,13,8,20,12,-10,0,-12,-4,-14,11,-18,14,0,4,11,42,42,51,0,1,0,47,40,43,56,52,45,49,51,82,0,0,0,0,-33,-34,-30,-38,-53,-27,-124,-122,-121,-137,-117,-120,-157,-166,-171,-160,-187,-168,-347,-310,-327,-308]} 1. c4 Nf6 2. Nc3 g6 3. g3 {??.} Bg7 4. Bg2 O-O 5. Nf3 Nc6 6. d3 a6 7. Rb1 b5 8. O-O Rb8 9. b3 d6 10. Bb2 e5 11. Nd2 Ne7 12. Rc1 c6 13. e3 Bg4 14. Ne2 Qd7 15. d4 Rbd8 16. Re1 h5 17. Qc2 h4 18. dxe5 dxe5 19. Nf3 hxg3 20. Nxg3 Bxf3 $1 21. Bxf3 Qe6 22. Ba3 Rfe8 23. Red1 Rc8 24. Kg2 (24. Bg2 $16) 24... Nf5 $11 25. Nxf5 e4 $1 {[%cal Re4f3]} ({Don't play} 25... Qxf5 $6 26. Qxf5 gxf5 27. Be2 $16) 26. Be2 Qxf5 27. Bd6 Ng4 $36 {[%mdl 2048] Black is more active.} 28. Bg3 Be5 29. Rd2 {[#]} (29. Bxg4 $11 Qxg4 30. Rd2) 29... Nxh2 $1 $17 {[%mdl 512]} 30. Bxh2 (30. Kxh2 Qxf2+) 30... Bxh2 31. Rh1 (31. Kxh2 Qxf2+ 32. Kh1 Qh4+ 33. Kg1 Qg3+ 34. Kf1 Re5 $19) 31... Be5 {White must now prevent ...Kg7.} 32. Kf1 Kg7 33. Rg1 {Hoping for Bg4.} Qh3+ 34. Ke1 Rcd8 35. Kd1 $2 (35. cxb5 cxb5 36. Bg4) 35... Bf6 $19 36. Kc1 Qh2 0-1

[Event "BL 2016-17"]
[Site "St. Veit/Glan"]
[Date "2017.03.26"]
[Round "8"]
[White "Henrichs, Thomas"]
[Black "Krämer, Martin"]
[Result "0-1"]
[WhiteElo "2495"]
[BlackElo "2495"]
[Annotator "TA"]
[PlyCount "68"]
[EventDate "2017.??.??"]
[EventType "team-tourn"]
[EventCountry "AUT"]
[SourceTitle "playchess.com"]
[Source "ChessBase"]
[SourceQuality "1"]
[WhiteTeam "Bregenz"]

{[%evp 19,68,7,16,0,0,0,0,0,0,8,4,4,8,0,13,4,0,-16,24,21,20,12,22,12,20,7,22,19,24,-41,-29,-35,-35,-53,-37,-75,-67,-87,-80,-161,-156,-387,-303,-701,-351,-344,-402,-29994,-412,-5386,-3295]} 1. e4 c5 2. Nf3 d6 3. d4 cxd4 4. Nxd4 Nf6 5. Nc3 a6 6. Be2 e5 7. Nb3 Be7 8. O-O O-O 9. Re1 Be6 {B92: Sicilian Najdorf: 6 Be2} 10. Bf3 (10. Bf1 Qc7 11. Nd5 Nxd5 12. exd5 Bf5 13. c4 Nd7 14. Be3 a5 15. Rc1 a4 16. Na1 Bg6 17. Nc2 f5 18. f3 {0-1 (50) Wang,H (2710)-Vachier Lagrave,M (2758) Beijing 2014}) 10... Qc7 {LiveBook: 37 Games} 11. Bg5 Nbd7 {The position is equal.} 12. a4 h6 $146 (12... Nb6 13. Nd2 Rfd8 14. Bxf6 Bxf6 15. Nd5 Nxd5 16. exd5 Bd7 {½-½ (60) Djoric,D (2350)-Jovanovic,S (2235) Belgrade 1991}) 13. Be3 b6 14. Nc1 {[%cal Bb3c1,Bc1d3,Bd3b4][%mdl 32]} Rfc8 15. Nd3 Qb7 16. Bd2 Bd8 17. b3 b5 18. Nb4 Bb6 {White must now prevent ...Bd4.} 19. axb5 axb5 20. Rxa8 $1 Rxa8 21. Qe2 Ra5 22. Ncd5 Bxd5 23. exd5 Ra8 24. g3 ({Better is} 24. Nc6 $11) 24... Re8 $1 $15 25. Bg2 e4 26. Kh1 Bc5 27. Rd1 Ne5 {Threatens to win with ...Neg4.} 28. Be1 {[#]} ({Don't go for} 28. Bxe4 $2 Neg4 29. Nd3 Rxe4 $19) 28... Nf3 $1 {[%mdl 512]} 29. Bc3 (29. Bxf3 $17 exf3 30. Qxf3) 29... Ng4 $19 {[%cal Bf6g4,Bg4h2,Bh2f3][%mdl 32]} 30. Rf1 $2 (30. Nd3 $17 Qc8 31. Nxc5 Qxc5 32. Bd4 Nxd4 33. Qxg4) 30... Ngxh2 31. Ra1 $2 (31. Bxf3 Nxf3 32. Kg2) 31... Bxb4 32. Bxb4 Qxd5 {( -> ...Qh5)} 33. Ra5 {[#]} (33. Bxf3 $19 Nxf3 34. Kg2) 33... Nd4 (33... Qh5 $142 34. Rxb5 g5 35. Rxg5+ hxg5 36. Bxf3 Nxf3+ 37. Kg2 Qh2+ 38. Kf1 Qh3#) 34. Qd1 (34. Rxb5 $142 Nxb5 35. Kxh2) 34... Nhf3 0-1

[Event "BL 2016-17"]
[Site "Germany"]
[Date "2017.02.19"]
[Round "8"]
[White "Hertneck, Gerald"]
[Black "Svane, Rasmus"]
[Result "0-1"]
[WhiteElo "2487"]
[BlackElo "2570"]
[Annotator "TA"]
[PlyCount "50"]
[EventDate "2017.??.??"]
[EventType "team-tourn"]
[EventCountry "GER"]
[SourceTitle "playchess.com"]
[Source "ChessBase"]
[SourceQuality "1"]
[WhiteTeam "Zugzwang München"]
[BlackTeam "Hamburger SK"]

{[%evp 14,50,12,0,0,4,-4,-51,0,-60,-60,-67,-48,-77,-70,-91,-74,-80,-76,-111,-59,-71,-59,-271,-267,-249,-252,-262,-256,-434,-430,-566,-299,-323,-316,-320,-314,-308,-253]} 1. d4 d5 2. Nf3 Nf6 3. c4 c6 4. Nc3 e6 5. Bg5 h6 6. Bxf6 Qxf6 7. Qb3 Qe7 8. a3 {LiveBook: 5 Games} g6 9. e4 {[%cal Re4d5]} Bg7 10. O-O-O (10. e5 $11) 10... O-O (10... dxc4 $15 11. Bxc4 O-O) 11. Kb1 (11. cxd5 $11 exd5 12. exd5) 11... dxe4 12. Nxe4 Nd7 13. Qb4 Qxb4 14. axb4 a5 15. bxa5 Rxa5 16. Nd6 e5 ({Black should try} 16... c5 $17) 17. Be2 Ra4 18. d5 $2 (18. dxe5 $15 Nxe5 19. Nxe5 (19. Nxc8 Rxc8 20. Nxe5 Bxe5 $17) 19... Bxe5 20. Nxc8 Rxc8 21. Rd2) 18... Nc5 $19 19. Ne1 e4 20. Nc2 {[#]} Bd7 $1 {Strongly threatening ...Rfa8.} 21. dxc6 $2 (21. b4 Na6 22. dxc6 (22. Nxe4 $2 Nxb4 23. Nc5 Bf5 24. Nxa4 Bxc2+ 25. Kc1 Bxa4 $19) 22... bxc6 23. Kc1) 21... bxc6 22. Nb7 {[#]} Nd3 $1 {[%mdl 512]} 23. Rxd3 {Black has a decisive advantage.} (23. Bxd3 exd3) 23... exd3 24. Bxd3 Rb8 25. Nc5 Ra7 0-1

[Event "BL 2016-17"]
[Site "Germany"]
[Date "2017.02.19"]
[Round "8"]
[White "Hausrath, Daniel"]
[Black "Vogel, Roven"]
[Result "1/2-1/2"]
[WhiteElo "2483"]
[BlackElo "2437"]
[Annotator "TA"]
[PlyCount "78"]
[EventDate "2017.??.??"]
[EventType "team-tourn"]
[EventCountry "GER"]
[SourceTitle "playchess.com"]
[Source "ChessBase"]
[SourceQuality "1"]
[WhiteTeam "Mülheim Nord"]
[BlackTeam "TU Dresden"]

{[%evp 12,78,13,12,16,8,16,0,19,17,20,0,24,10,12,0,55,50,24,31,28,39,43,44,38,16,15,0,10,6,33,47,42,39,42,16,39,20,30,20,101,94,100,48,47,41,43,13,8,14,14,14,14,20,20,7,37,45,19,37,51,37,31,39,44,31,39,32,33]} 1. Nf3 d5 2. g3 c6 3. Bg2 {??.} Bg4 4. O-O Nf6 5. d4 e6 6. Nbd2 Nbd7 7. Re1 Be7 8. e4 O-O 9. c3 Qb6 10. e5 Ne8 $1 11. Nf1 Nc7 12. Ne3 Bh5 {[%cal Bg4h5,Bh5g6,Bg6e4,Be4d3][%mdl 32]} 13. h4 {[%cal Bh2h4,Bh4h5][%mdl 32]} c5 (13... h6 $11) 14. g4 $14 Bg6 $1 15. h5 Be4 16. Nc4 Qa6 {[#] And now ...Bxf3 would win.} 17. Ncd2 Bd3 18. Re3 {Rxd3! is the strong threat.} h6 19. Nf1 Be4 20. Ng3 $36 {[%mdl 2048] White has good play.} f5 21. exf6 $1 Bxf3 (21... Bxf6 22. Nxe4 dxe4 23. Rxe4 $16) 22. Rxf3 Bxf6 (22... Nxf6 $6 23. g5 hxg5 24. Bxg5 $16) 23. Bf4 Qb6 {[%cal Rc5d4]} 24. Qb3 {[#] Threatens to win with Qxb6.} Qxb3 25. axb3 e5 (25... Bd8 $11) 26. dxe5 $16 Bxe5 27. Nf5 (27. Be3 $16) 27... Bxf4 $14 28. Rxf4 Kh7 29. c4 Ne6 30. Rf3 d4 31. Re1 Ng5 32. Rd3 {Black must now prevent f4.} Rae8 $1 {[%cal Re8e1]} 33. Rdd1 {Hoping for f4.} Nf6 34. f4 ({And not} 34. Bxb7 Rb8 35. Re7 Nxg4 $17) 34... Nge4 35. Nh4 Nd6 {White is slightly better.} 36. Ng6 Rxe1+ ({Much weaker is} 36... Nxg4 $6 37. Bf3 (37. Nxf8+ Rxf8 38. b4 b6 $18) 37... Nf6 38. Nxf8+ Rxf8 39. Ra1 $16) 37. Rxe1 Re8 38. Rxe8 Nfxe8 39. Ne5 Nf6 1/2-1/2

[Event "BL 2016-17"]
[Site "Germany"]
[Date "2017.02.19"]
[Round "8"]
[White "Georgiadis, Nicolas"]
[Black "Stern, Rene"]
[Result "1-0"]
[WhiteElo "2475"]
[BlackElo "2515"]
[Annotator "TA"]
[PlyCount "115"]
[EventDate "2017.??.??"]
[EventType "team-tourn"]
[EventCountry "GER"]
[SourceTitle "playchess.com"]
[Source "ChessBase"]
[SourceQuality "1"]
[WhiteTeam "Griesheim"]
[BlackTeam "König Tegel"]

{[%evp 35,115,53,54,47,58,28,37,25,37,36,34,38,45,15,15,12,15,15,17,17,17,16,24,10,25,22,20,17,17,17,17,17,20,10,10,0,28,17,17,15,33,11,11,11,11,11,11,11,11,0,0,-50,0,-64,-56,-59,-56,-389,-410,-794,-800,-755,-754,-706,0,0,0,0,0,0,0,0,153,150,152,150,122,132,137,142,227,221]} 1. e4 e5 2. Nf3 Nc6 3. Bb5 a6 4. Ba4 Nf6 5. O-O Be7 6. Re1 b5 7. Bb3 d6 8. c3 O-O 9. h3 Na5 10. Bc2 c5 11. d4 Qc7 12. Nbd2 Nc6 13. d5 Nd8 14. a4 Rb8 15. b4 Nb7 16. axb5 axb5 17. Nf1 Bd7 18. Be3 Ra8 {LiveBook: 7 Games. Black wants to play ...Rxa1.} 19. Qd2 Rfb8 20. Bd3 Qc8 {White has an edge.} 21. Ng3 Rxa1 22. Rxa1 c4 23. Bc2 Ra8 24. Rf1 Ne8 25. Nh2 f6 26. f4 exf4 27. Bxf4 Nd8 28. Nf3 Nf7 29. Nd4 g6 30. Nge2 Ng7 31. Kh2 Ra2 32. Qc1 Ne5 33. Bb1 Ra1 34. Nc2 Ra8 35. Ncd4 Bf8 36. Bg3 Nh5 37. Bh4 Bg7 38. Ng3 Nxg3 39. Bxg3 Qe8 40. Qb2 Qe7 41. Qd2 h5 42. Qd1 Bh6 43. Nf3 Kg7 44. Bc2 (44. Nd4 $11) 44... Ra3 $1 $15 {[%cal Ra3c3]} 45. Qd4 Ra2 46. Bd1 $2 {[%mdl 8192] [#]} (46. Qd1 $1 $15) 46... Bxh3 $1 $19 {[%mdl 512]} 47. Kxh3 (47. Nh4 $142 Bg4 48. Nf3) 47... Qd7+ 48. Kh2 Ng4+ 49. Kh1 Ne3 $2 (49... Be3 $19 50. Be2 Bxd4 51. Nxd4 Kg8) 50. Rf2 $1 $11 {[%cal Rf2a2]} Ra1 51. Ng1 $1 Rxd1 52. Qxf6+ Kh7 53. Qe6 $1 {[%cal Re6d7]} ({Don't take} 53. Bxd6 $2 Ng4 54. Qf7+ Qxf7 55. Rxf7+ Kg8 $19) ({Not} 53. Qxd6 $2 Qxd6 54. Bxd6 Ng4 $19) 53... Qxe6 $2 ({Black should play} 53... Qd8 $1 $11) 54. dxe6 $16 {Hoping for e7.} Bg5 {[#] And now ...Kg8 would win.} 55. e7 $1 $36 {[%mdl 2560] Black is under strong pressure.} Bxe7 {White must now prevent ...Kg7.} 56. Rf7+ Kg8 57. Rxe7 g5 (57... Rd3 $16 {was necessary.} 58. Re6 Kf7 59. Rxd6 Rxc3) 58. Bf2 1-0

[Event "BL 2016-17"]
[Site "St. Veit/Glan"]
[Date "2017.03.26"]
[Round "8"]
[White "Diermair, Andreas"]
[Black "Schneider-Zinner, Harald"]
[Result "1/2-1/2"]
[WhiteElo "2469"]
[BlackElo "2382"]
[Annotator "TA"]
[PlyCount "110"]
[EventDate "2017.??.??"]
[EventType "team-tourn"]
[EventCountry "AUT"]
[SourceTitle "playchess.com"]
[Source "ChessBase"]
[SourceQuality "1"]
[WhiteTeam "Feffernitz"]
[BlackTeam "Wien-SK Ottakring"]

{[%evp 16,110,16,4,43,40,52,5,16,0,56,26,62,30,53,50,37,33,91,82,95,88,89,100,103,118,144,145,141,134,141,135,167,169,164,153,153,151,187,200,205,188,189,191,193,192,199,203,193,89,90,101,95,123,111,99,185,108,165,165,165,165,172,165,162,158,162,148,152,141,160,113,123,98,101,114,132,122,117,52,69,52,59,59,59,0,0,0,0,0,0,0,0,0,0,0,0]} 1. Nf3 d5 2. g3 Nf6 3. Bg2 e6 4. O-O c5 5. c4 d4 6. e3 Nc6 7. exd4 cxd4 8. d3 Be7 {A13: English Opening: 1...e6} (8... Nd7 9. Re1 Be7 10. Na3 e5 11. Nc2 a5 12. a3 O-O 13. Bd2 a4 14. Nb4 Bd6 15. Ng5 Nc5 16. Ne4 {1-0 (55) Giri,A (2767)-Vallejo Pons,F (2716) Novi Sad 2016}) 9. Bg5 {LiveBook: 6 Games} Nd7 10. Bxe7 Qxe7 {White is slightly better.} 11. Re1 O-O 12. Na3 Qf6 (12... Nc5 $11) 13. Nd2 $146 (13. Nc2 a5 14. Qd2 Nc5 {1-0 (52) Arat,U (2420)-Petkov,V (2493) Izmir 2016}) 13... Nc5 14. Ne4 $36 {[%mdl 2048] White has good play.} Nxe4 15. Bxe4 Bd7 16. Rb1 Nb4 (16... e5 $14) 17. Qd2 $16 a5 18. Bxb7 Rab8 19. Be4 Rfc8 20. Nc2 Nxc2 21. Qxc2 Qe7 22. f4 Qd6 23. Bf3 Rc5 24. Qf2 Bc6 25. Bxc6 Rxc6 26. Re4 Rd8 27. Re5 Rc5 28. Rbe1 a4 29. Rxc5 Qxc5 $18 {[%mdl 4096] Endgame KQR-KQR} 30. Re5 Qa7 31. Rb5 g6 32. Qf3 (32. Qd2 $18 {has better winning chances.}) 32... Rb8 $16 33. Qc6 Rxb5 34. Qe8+ (34. cxb5 $6 Qa5 $11) 34... Kg7 35. Qxb5 {KQ-KQ} ({Much worse is} 35. cxb5 $6 Qa5 $11) 35... a3 (35... Qa8 $16 {was necessary.}) 36. Qb4 (36. b4 $18) 36... e5 (36... axb2 $16 37. Qxb2 Kg8) 37. fxe5 $18 Qc7 38. bxa3 ({And not} 38. Qxa3 Qxe5 39. Kf1 Qe3 $11) 38... Qxe5 {[#]} 39. Qd2 $1 Qc5 40. Qb2 Qe5 41. Qf2 f6 42. Kf1 h5 43. a4 g5 44. Qf3 Qb8 45. Qe2 Qb4 46. a5 Qxa5 47. Qe7+ (47. Qxh5 $16 {Strongly threatening Qe2.} Qf5+ 48. Ke2) 47... Kg6 $14 48. Qe4+ Kg7 $1 49. Qxd4 {Qd7+ is the strong threat.} Qxa2 50. Qf2 ({Better is} 50. Qd7+ $14 Kg6 51. Qe8+ Kh6 52. Qe7 Qb1+ 53. Ke2 Qb2+ 54. Ke3) 50... Qb1+ $11 {The position is equal.} 51. Ke2 Qb2+ 52. Kf1 Qb1+ 53. Ke2 Qb2+ 54. Ke3 Qb6+ 55. Kf3 Qb7+ 1/2-1/2

[Event "BL 2016-17"]
[Site "Germany"]
[Date "2017.02.19"]
[Round "8"]
[White "Heinemann, Thies"]
[Black "Lammers, Markus"]
[Result "1-0"]
[WhiteElo "2461"]
[BlackElo "2312"]
[Annotator "TA"]
[PlyCount "61"]
[EventDate "2017.??.??"]
[EventType "team-tourn"]
[EventCountry "GER"]
[SourceTitle "playchess.com"]
[Source "ChessBase"]
[SourceQuality "1"]
[WhiteTeam "Hamburger SK"]
[BlackTeam "Zugzwang München"]

{[%evp 12,61,28,38,60,54,49,42,37,31,182,188,227,235,234,225,213,237,229,232,233,218,228,226,215,214,279,282,300,300,304,304,354,337,476,463,587,568,497,477,445,435,1956,1747,1699,1662,29984,29985,29985,29986,29993,29994]} 1. e4 d6 2. d4 {[%cal Bd2d4,Bd4c5][%mdl 32]} g6 3. Nc3 Nf6 4. f4 c5 5. dxc5 Qa5 6. Qd4 Nc6 7. Bb5 {Threatens to win with cxd6.} Bd7 8. Bxc6 $1 Bxc6 (8... bxc6 9. cxd6 Qb6 10. Be3 $16) 9. b4 e5 10. Qc4 (10. bxa5 $2 {loses.} exd4 11. Nd5 Nxd5 12. exd5 Bxd5 $19) ({But not} 10. fxe5 dxc5 11. bxa5 cxd4 12. exf6 Bb4 $17) 10... Qd8 $2 (10... b5 $14) 11. Nf3 $18 Nxe4 12. Nxe4 d5 13. Qb3 dxe4 14. Nxe5 {[%csl Ge5][%cal Rb3f7]} Qd5 15. Nxc6 bxc6 16. Bb2 Rg8 17. Qxd5 cxd5 18. O-O-O O-O-O 19. Bf6 Rd7 {[#]} 20. c4 $1 {[%mdl 512]} dxc4 21. Rhe1 a5 {[#]} 22. a3 $1 {[%cal Ba2a3,Ba3b4,Bb4b5,Bb5b6,Bb6b7][%mdl 32]} (22. bxa5 Bxc5 23. Rxe4 Bb4 $16) (22. Rxe4 Rxd1+ 23. Kxd1 axb4 $16) 22... g5 (22... Bg7 $142) 23. fxg5 (23. Rxe4 Rxd1+ 24. Kxd1 gxf4 25. bxa5 Kd7 $18) 23... axb4 24. axb4 Bg7 25. Rxe4 Bxf6 26. gxf6 Rxg2 (26... Ra7 $142) 27. Rxd7 (27. Rxc4 Ra7 28. Rd2 Ra1+ 29. Kb2 Rxd2+ $18) 27... Kxd7 {KR-KR} 28. b5 (28. Rxc4 Rxh2 29. c6+ Kc8 $18) 28... Rxh2 29. Re7+ {White mates.} (29. Rxc4 Rh5 30. Kd2 Kc7 31. b6+ Kc6 $18) 29... Kd8 30. b6 c3 31. b7 1-0

[Event "BL 2016-17"]
[Site "St. Veit/Glan"]
[Date "2017.03.26"]
[Round "8"]
[White "Kessler, Luca"]
[Black "Baldauf, Marco"]
[Result "0-1"]
[WhiteElo "2454"]
[BlackElo "2439"]
[Annotator "TA"]
[PlyCount "70"]
[EventDate "2017.??.??"]
[EventType "team-tourn"]
[EventCountry "AUT"]
[SourceTitle "playchess.com"]
[Source "ChessBase"]
[SourceQuality "1"]
[WhiteTeam "Götzis"]
[BlackTeam "Hohenems"]

{[%evp 12,70,14,-18,11,7,12,-1,12,0,12,0,0,-17,-12,-32,-23,-50,-54,-73,-72,-114,-111,-139,-140,-135,-127,-169,-169,-164,-156,-156,-157,-214,-193,-197,-193,-242,-195,-206,-183,-216,-222,-204,-190,-310,-295,-297,-299,-259,-218,-226,-217,-218,-224,-207,-200,-269,-269,-368,-377]} 1. c4 g6 2. g3 c5 3. Bg2 Bg7 4. Nc3 Nc6 5. a3 b6 6. b4 Bb7 {A36: Symmetrical English vs ...g6: 4 Bg2 Bg7} 7. Rb1 {LiveBook: 20 Games} Bxc3 $146 (7... Rb8 8. Nf3 Nf6 9. O-O O-O 10. e3 cxb4 11. axb4 d5 12. cxd5 Nxd5 13. Nxd5 Qxd5 14. d4 {1-0 (51) Grischuk,A (2747)-Ponomariov,R (2706) Almaty 2016}) 8. dxc3 d6 {The position is equal.} 9. Nf3 Nf6 10. O-O O-O 11. Bh6 Re8 12. h3 Qc7 13. Rc1 Ne5 14. Nxe5 dxe5 15. Bxb7 Qxb7 16. bxc5 Qc8 ({Don't play} 16... bxc5 17. Qa4 $15) 17. Kg2 Qxc5 18. Qa4 Rac8 {[%cal Ba8c8,Bc8c5,Bc5a5][%mdl 32]} 19. Qb5 Ne4 ({Resist} 19... Qxc4 20. Qxe5 Rc5 21. Qe3 $17) 20. Qxc5 Rxc5 ({Don't do} 20... bxc5 21. Rfd1 $15) 21. Rfd1 Nd6 22. Bg5 (22. Rd5 $17) 22... Nxc4 23. Rd7 f6 24. Bh6 Ra5 25. Rc7 Nd6 26. Be3 Rxa3 27. c4 Kf7 28. g4 (28. c5 $142 Nf5 29. cxb6 Nxe3+ 30. fxe3) 28... Rc8 $19 29. Rxc8 Nxc8 {[%mdl 4096] Endgame KRB-KRN} 30. c5 bxc5 31. Rxc5 Nd6 32. Rc7 {[#]} Nb5 $1 {[%cal Rb5c7]} 33. Rb7 {[#]} Nd4 $1 34. Bc1 Ra1 35. Bd2 Nxe2 0-1

[Event "BL 2016-17"]
[Site "St. Veit/Glan"]
[Date "2017.03.26"]
[Round "8"]
[White "Krassowizkij, Jaroslaw"]
[Black "Atlas, Valery"]
[Result "1/2-1/2"]
[WhiteElo "2454"]
[BlackElo "2432"]
[Annotator "TA"]
[PlyCount "118"]
[EventDate "2017.??.??"]
[EventType "team-tourn"]
[EventCountry "AUT"]
[SourceTitle "playchess.com"]
[Source "ChessBase"]
[SourceQuality "1"]
[WhiteTeam "Götzis"]
[BlackTeam "Hohenems"]

{[%evp 19,118,58,49,44,54,58,51,61,62,62,66,62,62,64,63,66,87,62,89,79,83,64,97,97,97,97,97,97,97,97,98,98,231,82,102,106,102,70,68,1,13,15,18,0,0,0,0,0,0,0,0,0,91,0,0,0,0,0,0,0,122,122,111,122,110,26,26,26,26,26,26,26,26,26,26,26,26,26,26,5,5,8,26,26,26,0,26,26,26,26,26,26,26,0,26,0,0,0,0,0,0]} 1. e4 c5 2. Nf3 e6 3. d4 cxd4 4. Nxd4 Nf6 5. Nc3 d6 6. g4 e5 7. Bb5+ Bd7 8. Bxd7+ Qxd7 9. Nf5 h5 10. Bg5 Nh7 $1 {[%cal Rh7g5] LiveBook: 43 Games} 11. f4 {B81: Sicilian Scheveningen: Keres Attack} (11. Be3 hxg4 12. Nd5 g6 13. Ng3 Nc6 14. Qd3 Ne7 15. Nc3 Nf6 16. Bg5 Bg7 17. O-O-O Rd8 18. Kb1 a6 {1-0 (62) Harikrishna,P (2753)-Movsesian,S (2653) Huaian 2016}) 11... g6 12. Ne3 Nxg5 13. fxg5 {White is slightly better.} Be7 14. h4 hxg4 15. Kf2 (15. Qxg4 Qxg4 16. Nxg4 Bxg5 $15) 15... Na6 $146 (15... Nc6 16. Ncd5 O-O-O 17. Qxg4 Rdf8 18. Qxd7+ Kxd7 {1-0 (47) Wagner,D (2543)-Atlas,V (2435) Austria 2016}) 16. Kg3 Nc7 17. Qxg4 Rc8 18. Rad1 b5 19. Rhf1 Qe6 20. Ncd5 Nxd5 21. Rxd5 ({Not} 21. exd5 Qxg4+ 22. Kxg4 Bd8 $17) 21... a6 22. b3 Rc3 23. Rd3 Rc6 24. c3 Rf8 25. Nd5 Kd7 (25... Qxg4+ $16 26. Kxg4 Rh8) 26. Nf6+ (26. Qd1 $18 {is more deadly.}) 26... Bxf6 $16 27. Rxf6 Qxg4+ 28. Kxg4 {[%mdl 4096] Endgame KRR-KRR} Ke7 29. Rdf3 ({Better is} 29. Rd5 $14) 29... Rcc8 $11 30. h5 gxh5+ 31. Kxh5 Rh8+ 32. Kg4 Rh7 33. Rh6 Rg7 34. Kf5 Rcg8 {[%csl Gg8][%cal Rg7g5]} 35. Rg3 Rc8 (35... Rg6 $11 {keeps the balance.} 36. Rh7 a5) 36. Rgh3 (36. c4 $1 $16) 36... Rcg8 {[%csl Gg8][%cal Rg7g5]} 37. R3h5 Rc8 38. Rh3 Rcg8 {[%csl Gg8][%cal Rg7g5]} 39. R6h5 Rc8 (39... Rg6 $11 {remains equal.}) 40. Rh8 $1 $16 {[%cal Rh8c8]} Rcg8 {[#]} 41. Rxg8 $1 Rxg8 {[#] KR-KR} 42. c4 (42. Rh7 $1 $16) 42... b4 $1 $11 43. Rh6 Rc8 44. Rh7 {Threatens to win with c5!} Rg8 45. c5 dxc5 46. Rh6 Rc8 ({Of course not} 46... a5 $6 47. Rc6 $16) 47. Rxa6 c4 $1 {[%cal Rc4c3]} 48. bxc4 ({Don't capture} 48. Kxe5 $2 c3 49. Ra7+ Kf8 $19) 48... Rxc4 49. Kxe5 Rc5+ 50. Kf4 Rb5 51. Ra7+ Ke6 52. Ra6+ Ke7 53. Rc6 b3 54. axb3 Rxb3 55. Ra6 Rb5 56. Rf6 Ra5 57. Rf5 Ra1 {The position is equal.} 58. Rb5 Kf8 59. Rf5 Kg7 1/2-1/2